Galland's Iowa emigrant: (Record no. 51959)

MARC details
000 -LEADER
fixed length control field 00612cam a22002051 4500
001 - CONTROL NUMBER
control field rc 01000924
003 - CONTROL NUMBER IDENTIFIER
control field DLC
005 - DATE AND TIME OF LATEST TRANSACTION
control field 20260227111901.0
008 - FIXED-LENGTH DATA ELEMENTS--GENERAL INFORMATION
fixed length control field 800229s1840 ohub 000 0 eng
010 ## - LIBRARY OF CONGRESS CONTROL NUMBER
LC control number rc 01000924
035 ## - SYSTEM CONTROL NUMBER
System control number (OCoLC)6036354
040 ## - CATALOGING SOURCE
Original cataloging agency DLC
Transcribing agency ViBlbV
Modifying agency DLC
042 ## - AUTHENTICATION CODE
Authentication code premarc
050 00 - LIBRARY OF CONGRESS CALL NUMBER
Classification number F621
Item number .G16
100 1# - MAIN ENTRY--PERSONAL NAME
Personal name Galland, Issac,
Dates associated with a name 1790-1858.
245 10 - TITLE STATEMENT
Title Galland's Iowa emigrant:
Remainder of title containing a map, and general descriptions of Iowa Territory.
260 ## - PUBLICATION, DISTRIBUTION, ETC.
Place of publication, distribution, etc. Chillicothe [O.]
Name of publisher, distributor, etc. W. C. Jones,
Date of publication, distribution, etc. 1840.
300 ## - PHYSICAL DESCRIPTION
Extent 32 p.
Other physical details fold. map.
Dimensions 23 cm.
651 #0 - SUBJECT ADDED ENTRY--GEOGRAPHIC NAME
Geographic name Iowa
General subdivision Description and travel.

No items available.

Powered by Koha